000 00402cam a22001457a 4500
008 180718b1960 xxu||||| |||| 00| 0 eng d
082 _aB235 Ox2
245 _aInternational communism
_cedited by David Footman
260 _aLondon
_bChatto & Windus
_c1960
300 _a151p
440 _aStantony's papers; 9
650 _aCommunism.
650 _aHunt, Robert Nigel Carew
700 _aFootman, David
999 _c420567
_d420567